Petíció az abortusz-szabadság megőrzéséért 1973 2. rész /
Jelen tanulmány tárgya a nagyrészt feledésbe merült, a nők abortusz-jogának megszigorítása ellen szervezett 1973-as petíció-akció. A szerző, aki maga is aktív résztvevő, rekonstruálja a petíció történetét Magyar Nemzeti Levéltár (MNL), az Állambiztonági Szolgálatok Történeti Levéltár (ÁBTL) kutatók...
Elmentve itt :
| Szerző: | |
|---|---|
| Dokumentumtípus: | Cikk |
| Megjelent: |
Társadalmi Nemek Tudománya Kutatócsoport, Angol-Amerikai Intézet, Szegedi Tudományegyetem
Szeged
2020
|
| Sorozat: | Társadalmi Nemek Tudománya Interdiszciplináris eFolyóirat
10 No. 2 |
| Kulcsszavak: | Abortusz - jog |
| doi: | 10.14232/tntef.2020.2.99-133 |
| Online Access: | http://acta.bibl.u-szeged.hu/71825 |
| LEADER | 02154nab a2200205 i 4500 | ||
|---|---|---|---|
| 001 | acta71825 | ||
| 005 | 20260224081030.0 | ||
| 008 | 210208s2020 hu o 000 hun d | ||
| 022 | |a 2062-7084 | ||
| 024 | 7 | |a 10.14232/tntef.2020.2.99-133 |2 doi | |
| 040 | |a SZTE Egyetemi Kiadványok Repozitórium |b hun | ||
| 041 | |a hun | ||
| 100 | 1 | |a Körösi Zsuzsa | |
| 245 | 1 | 0 | |a Petíció az abortusz-szabadság megőrzéséért 1973 |h [elektronikus dokumentum] : |b 2. rész / |c Körösi Zsuzsa |
| 260 | |a Társadalmi Nemek Tudománya Kutatócsoport, Angol-Amerikai Intézet, Szegedi Tudományegyetem |b Szeged |c 2020 | ||
| 300 | |a 99-133 | ||
| 490 | 0 | |a Társadalmi Nemek Tudománya Interdiszciplináris eFolyóirat |v 10 No. 2 | |
| 520 | 3 | |a Jelen tanulmány tárgya a nagyrészt feledésbe merült, a nők abortusz-jogának megszigorítása ellen szervezett 1973-as petíció-akció. A szerző, aki maga is aktív résztvevő, rekonstruálja a petíció történetét Magyar Nemzeti Levéltár (MNL), az Állambiztonági Szolgálatok Történeti Levéltár (ÁBTL) kutatók számára rendelkezésre álló dokumentumai, a Blinken OSA Archívumban található dokumentumok, valamint a petíció-akció 19 résztvevőjével készített interjúk felhasználásával. Az interjúk legépelt formában a Blinken OSA Archívumban olvashatók (HU OSA 432, Körösi Zsuzsa interjúgyűjteménye). Az alábbi cikk a második rész. Az első rész a Magyar Népi Demokrácia népességpolitikáját vázolta fel, annak konzervatív fejlődését 1956 és 1973 között. Ez az elnyomó politikai kontextus vezetett a nők abortusz-jogának megszigorításához, ami a petíció szervezését váltotta ki. Ez a II. rész három fő kérdésre ad választ az intejúalanyok véleményének tükrében: mit jelentett a „szabad” abortusz a nők és férfiak számára 1956 és 1973 között; mi tekinthető a petíció ideológiai gyökereinek; illetve a szervezésében résztvevők motivációi és a hatalom szankció, melyekkel a résztvevőknek számolnia kellett. | |
| 695 | |a Abortusz - jog | ||
| 856 | 4 | 0 | |u http://acta.bibl.u-szeged.hu/71825/1/tntef_010_002_099-133.pdf |z Dokumentum-elérés |